Statistics for Bruce Willis Movies

Click here to take the quiz!

General Stats

  • This quiz has been taken 5 times
  • The average score is 7 of 16

Answer Stats

Answer% Correct
Die Hard
100%
Armageddon
80%
The Sixth Sense
80%
Red
60%
12 Monkeys
40%
Looper
40%
Moonrise Kingdom
40%
Over the Hedge
40%
Pulp Fiction
40%
The Last Boy Scout
40%
Unbreakable
40%
Death Becomes Her
20%
The Fifth Element
20%
The Jackal
20%
The Kid
20%
Cop Out
0%

Score Distribution

Percentile by Number Answered

Percent of People with Each Score

Your Score History

You have not taken this quiz